| 000 | 00385nam a2200097Ia 4500 | ||
|---|---|---|---|
| 008 | 180130s9999 xx 000 0 und d | ||
| 245 |
_cMay, D.; Terkowsky, C.; Haertel, T.; Pleul, C. _aBringing remote labs and mobile learning together |
||
| 260 | _c2016 | ||
| 300 | _aBook title: Recent developments in mobile technology--Acession number C20742; pages 91-99 | ||
| 650 | _aMOBILE TECHNOLOGY | ||
| 999 |
_c353768 _d353768 |
||